History Quiz

Random History Quiz
Score 0/9 Timer 03:00
0 Plays Today
Term of Office President's name % Correct
Term of office: 25 June 1938 - 24 June 1945 Douglas Hyde
84.6%
Term of office: 25 June 1959 - 24 June 1973Éamon de Valera
84.6%
Term of office: 11 November 2011 - IncumbentMichael D. Higgins
84.6%
Term of office: 3 December 1990 - 12 September 1997Mary Robinson
76.9%
Term of office: 11 November 1997 - 10 November 2011Mary McAleese
76.9%
Term of office: 25 June 1973 - 17 November 1974Erskine H. Childers
53.8%
Term of office: 3 December 1976 - 2 December 1990Patrick Hillery
53.8%
Term of office: 25 June 1945 - 24 June 1959Seán T. O'Kelly
30.8%
Term of office: 19 December 1974 - 22 October 1976Cearbhall Ó Dálaigh
23.1%
Remove Ads.
Support Sporcle.
Get the best of Sporcle when you Go Orange. This ad-free experience offers more features, more stats, and more fun while also helping to support Sporcle. Thank you for becoming a member.

You're not logged in!

Compare scores with friends on all Sporcle quizzes.
OR
Log In

Show Comments

Extras

Created Oct 13, 2013ReportNominate
Tags:Extra, Ireland, office, republic, Term

Top Quizzes Today


Score Distribution

Your Account Isn't Verified!

In order to create a playlist on Sporcle, you need to verify the email address you used during registration. Go to your Sporcle Settings to finish the process.

Report this User

Report this user for behavior that violates our Community Guidelines.

Details: